01465nam a2200433 a 4500003000900000005001700009008004100026020001800067040001300085100003100098245012400129250001200253260003800265300001900303490005400322500012600376500001900502504003100521610006800552650002300620650002700643650003200670650001600702650002900718650001500747650001400762650001800776650002400794650001600818650002500834650002400859650002900883650001200912650001300924651001300937653002700950653002900977653002501006AR-BaBNM20251128205756.0082120s2002 ||||||||||||||000 | spa|| a84-271-1777-9 cAR-BaBNM1 aValdivia Sánchez, Carmen00aLa orientación y la tutoría en los centros educativosbcuestionario de evaluación y análisis tutorial [C.E.A.T] a2ª ed. aBilbaobEdiciones Mensajeroc1994 a150 p.btablas 0aRecursos e Instrumentos Psico-Pedagógicosvv. 3 aSe anexa un ejemplar desprendible del "Cuestionario de Evaluación y análisis tutorial en centros educativos C.E.A.T." aAnexo: 131-150 aBibliografía: p. 127-13024aInstituto de Ciencias de la Educación [Universidad de Deusto] 4aPROFESORES-TUTORES 4aASESORAMIENTO DE GRUPO 4aFUNCIONES DE LA ORIENTACION 4aPSICOMETRIA 4aSERVICIOS DE ORIENTACION 4aEVALUACION 4aPEDAGOGIA 4aINVESTIGACION 4aORIENTACION ESCOLAR 4aENTREVISTAS 4aREGISTROS DE ALUMNOS 4aCENTROS PEDAGOGICOS 4aINSTRUMENTOS DE MEDICION 4aTUTORIA 4aTECNICAS 4aEspaña aORIENTACION VOCACIONAL aEDUCACION GENERAL BASICA aEDUCACION SECUNDARIA